God's plan for the church--growth! / (Record no. 3252)
[ view plain ]
| 000 -LEADER | |
|---|---|
| fixed length control field | 00658nam a22002297a 4500 |
| 001 - CONTROL NUMBER | |
| control field | 2316994 |
| 003 - CONTROL NUMBER IDENTIFIER | |
| control field | GBCCL |
| 005 - DATE AND TIME OF LATEST TRANSACTION | |
| control field | 20241126110451.0 |
| 008 - FIXED-LENGTH DATA ELEMENTS--GENERAL INFORMATION | |
| fixed length control field | 820122|1981 ||| 000 0 eng |
| 010 ## - | |
| -- | 81082021 |
| 020 ## - INTERNATIONAL STANDARD BOOK NUMBER | |
| International Standard Book Number | 0882438859 (pbk.) : |
| Terms of availability | $2.50 |
| 040 ## - CATALOGING SOURCE | |
| Original cataloging agency | DLC |
| Transcribing agency | DLC |
| Modifying agency | DLC |
| 050 00 - | |
| -- | MLCS 82/3568 |
| 082 ## - DEWEY DECIMAL CLASSIFICATION NUMBER | |
| Classification number | 254.5 |
| Item number | HAM |
| 100 1# - MAIN ENTRY--PERSONAL NAME | |
| Personal name | Hamilton, Michael |
| 9 (RLIN) | 6690 |
| 245 10 - TITLE STATEMENT | |
| Title | God's plan for the church--growth! / |
| Statement of responsibility, etc. | Michael Hamilton. |
| 260 ## - PUBLICATION, DISTRIBUTION, ETC. | |
| Place of publication, distribution, etc. | Springfield, Mo. : |
| Name of publisher, distributor, etc. | Gospel Pub. House, |
| Date of publication, distribution, etc. | c1981. |
| 300 ## - PHYSICAL DESCRIPTION | |
| Extent | 125 p. ; 19 cm. |
| 440 ## - SERIES STATEMENT/ADDED ENTRY--TITLE | |
| Title | Radiant books |
| 9 (RLIN) | 6691 |
| 906 ## - LOCAL DATA ELEMENT F, LDF (RLIN) | |
| a | 7 |
| b | cbc |
| c | orignew |
| d | 4 |
| e | opcn |
| f | 19 |
| g | y-gencatlg |
| 942 ## - ADDED ENTRY ELEMENTS (KOHA) | |
| Source of classification or shelving scheme | Dewey Decimal Classification |
| Koha item type | Books |
| Koha issues (borrowed), all copies | 8 |
| Withdrawn status | Lost status | Source of classification or shelving scheme | Damaged status | Not for loan | Home library | Current Library | Shelving location | Date acquired | Total checkouts | Full call number | Barcode | Date last seen | Date last checked out | Copy number | Price effective from | Koha item type |
|---|---|---|---|---|---|---|---|---|---|---|---|---|---|---|---|---|
| Dewey Decimal Classification | GRACE BIBLE COLLEGE | GRACE BIBLE COLLEGE | Ministry & Mission | 2017-11-22 | 8 | 254.5 HAM | 006519 | 2025-05-01 | 2024-01-20 | c.1 | 2017-11-22 | Books |